00540nam a22001697a 450000500170000001000150001702000260003203500140005803700130007208200080008510000250009324501150011826000290023327000450026230000210030750000420032820170825144112.0 aENG-120118 a9789382549338c400.00 aEN-103650 bDBAD/PUB a940 aChakrabarti, Kaustav aA brief history of Europe in the nineteenth and the twentieth centuries (1830-1939) /c by Kaustav Chakrabarti aKolkatabRachayitac2014 a59/5, Garfa Main Road, bKolkatae700075 a152p. c22cm(Hb) a Includes bibliographical references